000
00458nam a2200133Ia 4500
008
100328s9999 xx 000 0 und d
082
_b
53549
100
_a
कोल्हटकर बाळ
245
_a
दुरितांचे तिमिर जावो
260
_b
परचुरे
630
_a
दुरितांचे तिमिर जावो
730
_a
दुरितांचे तिमिर जावो
942
_c
BOOK
999
_c
540293
_d
540290